Statistics for Super Smash Bros N64 characters

Click here to take the quiz!

General Stats

  • This quiz has been taken 79 times
  • The average score is 11 of 12

Answer Stats

Answer % Correct
Mario
100%
Luigi
98%
Pikachu
98%
Kirby
97%
Donkey Kong
95%
Link
94%
Fox
91%
Jigglypuff
91%
Captain Falcon
89%
Ness
89%
Yoshi
89%
Samus
88%

Score Distribution

Percentile by Number Answered

Percent of People with Each Score

Your Score History

You have not taken this quiz